000 00457nam a22001697a 4500
003 OSt
005 20260305042305.0
008 260305b |||||||| |||| 00| 0 eng d
020 _a9789712739118
040 _aDWCL - Main Lib.
_cOC
082 _aF C417h 2025
100 _aCerro, Chennie Ann
245 _aHeart of darkness /
_cChennie Ann Cerro
300 _a277 pages:
_billustrations ;
_c20cm.
490 _aLost island series 3
942 _2ddc
_cFIC.
_n0
999 _c8638
_d8638